zpět

Detail výsledku týmu

Rockle Klub, České Budějovice

Datum a čas kvízu

34.5 Celkem bodů Celkový počet nahraných bodů na tomto kvízu bez doplňovacích otázek.
1. Pořadí na kvízu Konečné umístění týmu na tomto kvízu.

Zaznamenané odpovědi

# Otázka Odpověď Body Výsledky
1. Který obchodní řetězec minulý... Billa 1
2. Minulý týden média informovala... v Chorvatsku 1
3. Jak se jmenuje nový film Dana... Neporazitelní 1
4. Automobilka Ford oznámila, že... Focus 1
5. Turecký fotbalista Kerem Aktur... Harry Potter 0
6. Za půl bodu uveďte název ameri... Bratrstvo neohrožených/Band of Brothers; rota E/Easy Company 1
7. Seřaďte následující vojenské h... 1D 2A 3C 4B 1
8. Po půl bodu uveďte jméno inter... Karel Kryl; Píseň neznámého vojína 1
9. Uveďte jméno zobrazeného česko... Alois Eliáš 1
10. Ve kterém satirickém románu vy... Hlava XXII (Catch-22) 1